Sổ tay điều tra phân loại đánh giá đất
Gespeichert in:
| 1. Verfasser: | |
|---|---|
| Format: | Buch |
| Sprache: | Undetermined |
| Veröffentlicht: |
Hà Nội
Nông Nghiệp
1999
|
| Schlagworte: | |
| Tags: |
Tag hinzufügen
Keine Tags, Fügen Sie den ersten Tag hinzu!
|
| Thư viện lưu trữ: | Trung tâm Học liệu Trường Đại học Cần Thơ |
|---|
| LEADER | 00521nam a2200169Ia 4500 | ||
|---|---|---|---|
| 001 | CTU_45523 | ||
| 008 | 210402s9999 xx 000 0 und d | ||
| 082 | |a 631.4 | ||
| 082 | |b Ch309 | ||
| 100 | |a Tôn, Thất Chiểu | ||
| 245 | 0 | |a Sổ tay điều tra phân loại đánh giá đất | |
| 245 | 0 | |c Tôn Thất Chiểu, Phạm Thúy Lan | |
| 260 | |a Hà Nội | ||
| 260 | |b Nông Nghiệp | ||
| 260 | |c 1999 | ||
| 650 | |a soil science | ||
| 980 | |a Trung tâm Học liệu Trường Đại học Cần Thơ | ||